Facultad Latinoamericana de Ciencias Sociales

Salvato in:
Dettagli Bibliografici
Ente Autore: FLACSO
Natura: testo
Pubblicazione: México D.F.: FLACSO
Tags: Aggiungi Tag
Nessun Tag, puoi essere il primo ad aggiungerne!!

MARC

LEADER 00000 a a2200000 04500
001 23420
003 @
003 @
040 |a CRAI/IIS  |c CRAI/IIS 
020 |a 968-6728-03-1  
090 |a 162700  
110 |a FLACSO  
245 |a Facultad Latinoamericana de Ciencias Sociales  
260 |a México D.F.:   |b FLACSO  
300 |a 123 p.  
999 |c 94  |d 94